• 首页
  • 本馆介绍
  • 公告通知
  • 最新文献
  • 馆藏检索
  • 电子资源
  • 读者导购
  • 参考咨询
  • 我的图书馆
  • 登录
  • 详细信息显示
  • 放入我的书架
  • 预约/预借图书
  • 作者相关作品
  • 分类相关作品
  • 丛书相关作品
  • 出版社相关作品

书目信息

  • 表格格式
  • 工作单格式
  • 卡片格式
题名:
中国侗族生态文化研究
    
 
作者: 陈幸良 , 邓敏文 著
分册:  
出版信息: 北京   中国林业出版社  2014
页数: 297页
开本: 24cm
丛书名:
单 册:
中图分类: K287.2 , K287
科图分类:
主题词: 侗族--文化生态学--研究--中国 , 侗族 , 文化生态学
电子资源:
ISBN: 978-7-5038-7236-5
000 01041nam0 2200265 450
001 2358804432
005 20231207162032.48
010    @a978-7-5038-7236-5@dCNY 68.00
100    @a20140414d2014 em y0chiy0120 ea
101 0  @achi
102    @aCN@b110000
105    @aab z 000yy
200 1  @a中国侗族生态文化研究@Azhong guo dong zu sheng tai wen hua yan jiu@b专著@f陈幸良,邓敏文著
210    @a北京@c中国林业出版社@d2014
215    @a297页@c彩照,地图@d24cm
330    @a本书循着人与自然关系的历史演变,深入到侗族村寨、森林田野,考察发掘了侗民族特色的原始信仰、道德意识、价值观念、生产方式、历史传统、民间规约、风俗习惯等文化现象,查考了大量资料,调查了众多历史遗迹和民族村落,发掘和提炼了侗族生态文化的内涵,揭示了传统文化的价值。
606 0  @a侗族@x文化生态学@x研究@y中国
606 0  @a侗族
606 0  @a文化生态学
690    @aK287.2@v5
690    @aK287@v4
701  0 @a陈幸良@Achen xing liang@f(1964 )@4著
701  0 @c(侗)@a邓敏文@Adeng min wen@f(1943 )@4著
801  2 @aCN@b辽宁北配@c20231205
905    @aZUCC@dK287@e3
    
    中国侗族生态文化研究/陈幸良,邓敏文著.-北京:中国林业出版社,2014
    297页:彩照,地图;24cm
    
    
    ISBN 978-7-5038-7236-5:CNY 68.00
    本书循着人与自然关系的历史演变,深入到侗族村寨、森林田野,考察发掘了侗民族特色的原始信仰、道德意识、价值观念、生产方式、历史传统、民间规约、风俗习惯等文化现象,查考了大量资料,调查了众多历史遗迹和民族村落,发掘和提炼了侗族生态文化的内涵,揭示了传统文化的价值。
●
相关链接 在五车中查询图书 在当当中查询图书 在豆瓣中查询图书


正题名:中国侗族生态文化研究     索取号:K287/3         预约/预借

序号 登录号 条形码 馆藏地/架位号 状态 备注
1 2001210472   2001210472   315书库/ [索取号:K287/3] 在馆    
2 2001210473   2001210473   315书库/ [索取号:K287/3] 在馆    
3 2001210474   2001210474   培训中心一楼图书角/四19架A面2层3列/ [索取号:K287/3] 在馆    
4 2001210475   2001210475   培训中心一楼图书角/四19架A面2层3列/ [索取号:K287/3] 在馆    
5 2001210476   2001210476   315书库/ [索取号:K287/3] 在馆    
6 2001210477   2001210477   315书库/ [索取号:K287/3] 在馆    
7 2001210478   2001210478   315书库/ [索取号:K287/3] 在馆    
8 2001210479   2001210479   315书库/ [索取号:K287/3] 在馆    
9 2001210480   2001210480   培训中心一楼图书角/四19架A面2层3列/ [索取号:K287/3] 在馆    
10 2001210481   2001210481   第四书库/四19架A面2层3列/ [索取号:K287/3] 在馆    
11 2001210482   2001210482   第四书库/四19架A面2层3列/ [索取号:K287/3] 在馆    
12 2001210483   2001210483   第四书库/四19架A面2层3列/ [索取号:K287/3] 在馆    
13 2001210484   2001210484   第四书库/四19架A面2层3列/ [索取号:K287/3] 在馆    
14 2001210485   2001210485   第四书库/四19架A面2层3列/ [索取号:K287/3] 在馆    
15 2001210486   2001210486   第四书库/四19架A面2层3列/ [索取号:K287/3] 在馆    
16 2001210487   2001210487   第四书库/四19架A面2层3列/ [索取号:K287/3] 在馆    
17 2001210488   2001210488   第四书库/四19架A面2层3列/ [索取号:K287/3] 在馆    
18 2001210489   2001210489   第四书库/四19架A面2层3列/ [索取号:K287/3] 在馆    
19 2001210490   2001210490   第四书库/四19架A面2层3列/ [索取号:K287/3] 在馆    
20 2001210491   2001210491   第四书库/四19架A面2层3列/ [索取号:K287/3] 在馆    
21 2001210492   2001210492   第四书库/四19架A面2层3列/ [索取号:K287/3] 在馆    
22 2001210493   2001210493   509书库/ [索取号:K287/3] 在馆    
23 2001210494   2001210494   第四书库/四19架A面2层3列/ [索取号:K287/3] 在馆    
24 2001210495   2001210495   第四书库/四19架A面2层3列/ [索取号:K287/3] 在馆    
25 2001210496   2001210496   509书库/ [索取号:K287/3] 在馆    
26 2001210497   2001210497   509书库/ [索取号:K287/3] 在馆    
27 2001210498   2001210498   509书库/ [索取号:K287/3] 在馆    
28 2001210499   2001210499   509书库/ [索取号:K287/3] 在馆    
29 2001210500   2001210500   509书库/ [索取号:K287/3] 在馆    
30 2001210501   2001210501   第四书库/四19架A面2层3列/ [索取号:K287/3] 在馆    
山东省滨州职业学院图书馆 欢迎您!
大连网信软件有限公司© 版权所有